000 01320nam a22003857a 4500
003 CHAP
005 20220329135554.0
008 971013s1995 r 00010 d
010 _a38716
011 _a39688
035 _a43813
040 _cCHAP
090 _aTesis
100 0 0 _aPizano Villafuerte, Agustín.
_988612
245 _aNecesidades de riboflavina en pollos de engorda de 0-3 y de 4-8 semanas de edad
260 _aChapingo, Méx. :
_bEl autor,
_c1995
300 _a47 h.
502 _aTesis (Ing. Agr. Esp. en Zootecnia) -- UACH. Departamento de Zootecnia
590 _aALEPH
_b10
_c20130110
_lUCH01
_h1304
590 _aBATCH-UPD
_b10
_c20130110
_lUCH01
_h1558
590 _aBATCH-UPD
_b10
_c20130410
_lUCH01
_h0955
590 _aBATCH-UPD
_b10
_c20130914
_lUCH01
_h0444
590 _aCONVERSION
_b10
_c20130109
_lUCH01
_h1322
650 1 4 _aAves de corral
_xAlimentación.
_98638
650 1 4 _aAves de corral
_xCrecimiento.
_98642
650 1 4 _aAves de corral
_xEngorda.
_98647
650 1 4 _aAves de corral
_xNutrición.
_98672
650 1 4 _aAves de corral
_xPeso.
_98674
650 1 4 _aRiboflavina.
_997203
700 0 _aSánchez Vélez, Eduardo.
_9107933
901 _aBK
942 _cFOLL
949 _bBC
_cTES
_d-100209
_eTS1
_h27388
_i43813
_si
949 _bBC
_cTES
_d-100210
_eTS2
_fc.2
_h27389
_i43813
_si
999 _c38716
_d38716